| 000 | 01636nam a22003497a 4500 | ||
|---|---|---|---|
| 005 | 20121112114056.0 | ||
| 008 | 101019t xxu||||| |||| 00| 0 hin d | ||
| 010 | _aHIN-97950-51 | ||
| 020 |
_c1600.00 _a978817975264x सेट |
||
| 020 | _a9788179752658 V-1 | ||
| 020 | _a9788179752666 V-2 | ||
| 035 | _aHN-70296-97 | ||
| 037 | _bDBAD / PUB | ||
| 040 |
_aDPL _bHN |
||
| 082 | _a820.08 | ||
| 100 | _923632 | ||
| 245 |
_aराधामोहन गोकुल / _cकर्मेन्दु शिशिर द्वारा संपादित |
||
| 260 |
_aनई दिल्ली _bअनामिका पब्लिशर्स _c2009 |
||
| 270 |
_bनई दिल्ली _a4697/3, 21ए ,अंसारी रोड़ दरियागंज _e110002 _k23281655, 23270239 _manamikapublishersyahoo.co.in |
||
| 300 | 1 |
_aभा-1,342,भा-2,480पृ. _c21सेमी (सजिल्द) |
|
| 500 | _aदो भागों में | ||
| 505 | _aसमग्र-1:समग्र-2 | ||
| 650 | _9657 | ||
| 650 | _9698 | ||
| 700 |
_948760 _aशिशिर,कर्मेन्दु |
||
| 700 | _953579 | ||
| 710 | _934811 | ||
| 710 | _935049 | ||
| 942 |
_2ddc _cHN _mराधामो _h820.08 |
||
| 999 |
_c72659 _d72659 |
||